Uncle Jed's barbershop / (Record no. 8493)

MARC details
000 -LEADER
fixed length control field 01310cam a2200373 a 4500
001 - CONTROL NUMBER
control field 8493
003 - CONTROL NUMBER IDENTIFIER
control field FISKH
005 - DATE AND TIME OF LATEST TRANSACTION
control field 20250916080839.0
008 - FIXED-LENGTH DATA ELEMENTS--GENERAL INFORMATION
fixed length control field 911125s1993 nyua j 000 1 eng
010 ## - LIBRARY OF CONGRESS CONTROL NUMBER
LC control number 91044148
020 ## - INTERNATIONAL STANDARD BOOK NUMBER
International Standard Book Number 0671769693 :
Terms of availability $15.00
020 ## - INTERNATIONAL STANDARD BOOK NUMBER
International Standard Book Number 9780671769697
035 ## - SYSTEM CONTROL NUMBER
System control number 600019
040 ## - CATALOGING SOURCE
Original cataloging agency DLC
Transcribing agency DLC
Modifying agency DLC
Language of cataloging eng
050 ## - LIBRARY OF CONGRESS CALL NUMBER
Classification number PZ7.M6937 U
082 ## - DEWEY DECIMAL CLASSIFICATION NUMBER
Classification number 813
100 1# - MAIN ENTRY--PERSONAL NAME
Personal name Mitchell, Margaree King.
245 10 - TITLE STATEMENT
Title Uncle Jed's barbershop /
Statement of responsibility, etc. by Margaree King Mitchell ; illustrated by James Ransome.
250 ## - EDITION STATEMENT
Edition statement First Scholastic printing, September 1994
260 ## - PUBLICATION, DISTRIBUTION, ETC.
Place of publication, distribution, etc. New York :
Name of publisher, distributor, etc. Scholastic
Date of publication, distribution, etc. 1993
300 ## - PHYSICAL DESCRIPTION
Extent 28 unnumbered pages :
Other physical details color illustrations ;
Dimensions 28 cm
505 ## - FORMATTED CONTENTS NOTE
Formatted contents note P<br/>
520 ## - SUMMARY, ETC.
Summary, etc. Despite serious obstacles and setbacks Sarah Jean's Uncle Jed, the only black barber in the county, pursues his dream of saving enough money to open his own barbershop.
521 8# - TARGET AUDIENCE NOTE
Target audience note 640<br/>
Source Lexile AD<br/>
521 8# - TARGET AUDIENCE NOTE
Target audience note P<br/>
Source Raz-Plus<br/>
650 #1 - SUBJECT ADDED ENTRY--TOPICAL TERM
Topical term or geographic name entry element Uncles
Form subdivision Fiction.
650 #1 - SUBJECT ADDED ENTRY--TOPICAL TERM
Topical term or geographic name entry element Barbers
Form subdivision Fiction.
650 #1 - SUBJECT ADDED ENTRY--TOPICAL TERM
Topical term or geographic name entry element African Americans
Form subdivision Fiction.
655 #7 - INDEX TERM--GENRE/FORM
Genre/form data or focus term Fiction.
Source of term lcgft
Authority record control number or standard number https://id.loc.gov/authorities/genreForms/gf2014026339
700 1# - ADDED ENTRY--PERSONAL NAME
Personal name Ransome, James,
Relator term illustrator
906 ## - LOCAL DATA ELEMENT F, LDF (RLIN)
a 7
b cbc
c orignew
d 1
e ocip
f 19
g y-gencatlg
942 ## - ADDED ENTRY ELEMENTS (KOHA)
Source of classification or shelving scheme Dewey Decimal Classification
Koha item type Books
Suppress in OPAC No
Holdings
Withdrawn status Lost status Source of classification or shelving scheme Damaged status Not for loan Collection Home library Current library Shelving location Date acquired Total Checkouts Full call number Barcode Date last seen Copy number Price effective from Koha item type
    Dewey Decimal Classification     Juvenile Fiction Footprints International School Library Network Toul Tom Poung Campus Footprints International School Library Network Toul Tom Poung Campus TTP Primary Yellow Bookshelves 09/16/2025   MIT 813 PZ7.M6937 U FIS01576 09/16/2025 1 09/16/2025 Books